Estatísticas para Quiz da Romênia

Clique aqui para jogar o quiz

Estatísticas Gerais

  • Esse quiz foi jogado 511 vezes
  • A pontuação média é 13 de 20

Estatísticas das Respostas

QuestãoResposta% Correto
Capital da RomêniaBucareste
92%
Países fazendo fronteira
com a Romênia
Bulgária
90%
Países fazendo fronteira
com a Romênia
Ucrânia
90%
Conde fictício inspirada no acimaConde Drácula
89%
Mar que faz fronteira com a RomêniaMar {Negro}
89%
Países fazendo fronteira
com a Romênia
Hungria
87%
Países fazendo fronteira
com a Romênia
Moldávia
87%
Países fazendo fronteira
com a Romênia
Sérvia
85%
Região histórica no centro romeno
começando com T
Transilvânia
73%
Maior rioDanúbio
63%
Líder medieval conhecido por empalar
seus inimigos
Vlad, o Empalador
58%
País estrangeiro que abriga mais de
1,2 milhão de emigrantes romenos
Itália
53%
Cite um dos quatro países que
têm uma taxa de natalidade
menor que a da Romênia
Singapura | Taiwan |
Coreia do Sul |
Bósnia e Herzegovina
49%
Segunda maior cidade{Cluj}-Napoca
41%
Método de execução usado no
ex-ditador Nicolae Ceaușescu
em 25 de dezembro de 1989
Fuzilamento
41%
Ginasta que ganhou seis 10s perfeitos
nas Olimpíadas de Verão de 1976
Nadia Comăneci
40%
Cordilheira que atravessa
a Romênia
Cárpatos
39%
Fabricante de automóveis romeno
responsável por 8% das exportações
Dacia
34%
Castlelo incorretamente dito sendo
a casa do personagem acima
Castelo de {Bran}
27%
Último rei da Romênia, forçado pelos
soviéticos a abdicar em 1947, mas
que continou vivo por mais 70 anos
Miguel
22%

Distribuição das Pontuações

Percentil de Números Respondidos

Porcentagem de Pessoas com Cada Pontuação

Sua Pontuação Histórica

Você não jogou esse quiz